| 000 | 00482nam a2200181Ia 4500 | ||
|---|---|---|---|
| 001 | 20776 | ||
| 005 | 20260306172830.0 | ||
| 008 | 260306t2013||||xx |||||||||||||| ||spa|| | ||
| 041 | _aESP | ||
| 082 |
_a343.8 _bA128 2013 |
||
| 100 |
_aStaff Tributario de la Revista Actualidad Empresarial _eAUT |
||
| 245 | 0 | _aNormas complementarias a la reforma tributaria | |
| 260 | _c2013 | ||
| 300 |
_a55 páginas : _c29 cm. |
||
| 650 | _aGEN | ||
| 654 | _aCDE | ||
| 942 |
_cLIB _dJUS _fJUS _2ddc _n |
||
| 999 |
_c20776 _d20776 |
||